| 000 | 00490nam a2200097Ia 4500 | ||
|---|---|---|---|
| 008 | 170517s9999 xx 000 0 und d | ||
| 245 | _aDying To Have Known | ||
| 300 | _aIn Dying To Have Known, filmmaker Steve Kroschel went on a 52-day journey to find evidence to the effectiveness of the Gerson Therapy - a long-suppressed natural cancer cure. His travels take him across both the Atlantic and the... | ||
| 650 | _xTechnology. | ||
| 856 | _uhttp://topdocumentaryfilms.com/dying-to-have-known/ | ||
| 999 |
_c335029 _d335029 |
||